LA AUDIOVISION : (Registro nro. 47722)
[ vista simple ]
| 000 -LEADER | |
|---|---|
| fixed length control field | 00923nam a2200217 a 4500 |
| 001 - CONTROL NUMBER | |
| control field | 47722 |
| 005 - DATE AND TIME OF LATEST TRANSACTION | |
| control field | 20180714031757.0 |
| 008 - FIXED-LENGTH DATA ELEMENTS--GENERAL INFORMATION | |
| fixed length control field | 140415s1993 sp 000 0 spa d |
| 020 ## - INTERNATIONAL STANDARD BOOK NUMBER | |
| International Standard Book Number | 847508592 |
| 041 ## - LANGUAGE CODE | |
| Language code of text/sound track or separate title | spa |
| 082 ## - DEWEY DECIMAL CLASSIFICATION NUMBER | |
| Classification number | 302.234 |
| Item number | CHI |
| 100 1# - MAIN ENTRY--PERSONAL NAME | |
| Personal name | CHION, MICHEL |
| 245 13 - TITLE STATEMENT | |
| Title | LA AUDIOVISION : |
| Remainder of title | INTRODUCCION A UN ANALISIS CONJUNTO DE LA IMAGEN Y EL SONIDO |
| 250 ## - EDITION STATEMENT | |
| Edition statement | 1a ed. |
| 260 ## - PUBLICATION, DISTRIBUTION, ETC. | |
| Place of publication, distribution, etc. | ESPAÑA : |
| Name of publisher, distributor, etc. | PAIDOS IBERICA, |
| Date of publication, distribution, etc. | 1993 |
| 300 ## - PHYSICAL DESCRIPTION | |
| Extent | 93 |
| Dimensions | 22 x 13.7 x 1.4 |
| 520 ## - SUMMARY, ETC. | |
| Summary, etc. | ESTA OBRA PRESENTA EL BALANCE DE UNA INVESTIGACION SOBRE LAS RELACIONES ENTRE EL SONIDO Y LA IMAGEN QUE EL AUTOR VIENE ELABORANDO DESDE HACE UNOS QUINCE AÑOS Y DE LA QUE OFRECE AQUI UNA NUEVA FORMULACION. EN SU OPINION , LAS PELICULAS SONORAS, LOS VIDEOCLIPS O LOS PROGRAMAS DE TELEVISION NO SE VEN, SINO QUE SE AUDIOVEN. |
| 650 14 - SUBJECT ADDED ENTRY--TOPICAL TERM | |
| Topical term or geographic name entry element | TELEVISION |
| 700 1# - ADDED ENTRY--PERSONAL NAME | |
| Personal name | LOPEZ RUIZ, ANTONIO |
| Relator term | tr. |
| 740 ## - ADDED ENTRY--UNCONTROLLED RELATED/ANALYTICAL TITLE | |
| Uncontrolled related/analytical title | L´AUDIO-VISION |
| Withdrawn status | Lost status | Source of classification or shelving scheme | Damaged status | Not for loan | Collection code | Home library | Current library | Shelving location | Date acquired | Source of acquisition | Inventory number | Total Checkouts | Full call number | Barcode | Date last seen | Date last checked out | Price effective from | Koha item type |
|---|---|---|---|---|---|---|---|---|---|---|---|---|---|---|---|---|---|---|
| Dewey Decimal Classification | General | Biblioteca Karol Wojtyla | Biblioteca Karol Wojtyla | Sala general | 03/12/2013 | Compra | 151000000000000000057305 | 302.234 CHI | 71495 | 05/01/2026 | 16/08/2016 | 03/12/2013 | Libro |